| 000 | 00461cam a22001457a 4500 | ||
|---|---|---|---|
| 008 | 180718b1981 xxu||||| |||| 00| 0 eng d | ||
| 082 | _aF5x4 F119 | ||
| 245 |
_aPreparation by Western European universities for administrative public service _cedited by Yves Chapel |
||
| 260 |
_aParis _bEditions Cujas _c1981 |
||
| 300 | _a409p. | ||
| 500 | _aPaper | ||
| 650 | _aTraining - Europe | ||
| 700 | _aFaculte Universitaire Catholique de Mons | ||
| 700 | _aChapel, Yves | ||
| 999 |
_c476670 _d476670 |
||